Normal view
MARC view
Entry Personal Name
001 - CONTROL NUMBER
- control field: 10690
003 - CONTROL NUMBER IDENTIFIER
- control field: BD-RjUL
005 - DATE AND TIME OF LATEST TRANSACTION
- control field: 20231226103026.0
008 - FIXED-LENGTH DATA ELEMENTS
- fixed length control field: 231226|| aca||aabn | a|a d
040 ## - CATALOGING SOURCE
- Original cataloging agency: BD-RjUL
- Transcribing agency: BD-RjUL
100 ## - HEADING--PERSONAL NAME
- Personal name: বন্দ্যোপাধ্যায়, চারুচন্দ্র
670 ## - SOURCE DATA FOUND
- Source citation: Work cat.: (BD-RjUL)82537: বন্দ্যোপাধ্যায়, চারুচন্দ্র , কবিকঙ্কণ চণ্ডী /, ১৯২৫